000 00716cam a22002413a 4500
001 14322
003 PGUSA
005 20140828083316.0
008 041210s2004||||xxu|||||s|||||000 | eng d
040 _aPGUSA
_beng
042 _adc
050 4 _aPA
100 1 _aEuripides,
_d--406
245 1 4 _aThe Electra of Euripides :
_bTranslated into English rhyming verse
_h[electronic resource] /
_cEuripides
260 _bProject Gutenberg,
_c2004
506 _aPublic domain in the USA.
516 _aElectronic text
653 _aElectra (Greek mythology) -- Drama
700 1 _aMurray, Gilbert,
_d1866-1957
830 0 _aProject Gutenberg
_v14322
856 4 0 _uhttp://www.gutenberg.org/ebooks/14322
942 _cEB
999 _c243577
_d243577